역대 독일 분데스리가 참가 팀 - Statistics

General Stats
  • This quiz has been taken 2 times
  • The average score is 38 of 58
Answer Stats
Club % Correct
아우크스부르크
100%
우니온 베를린
100%
아르미니아 빌레펠트
100%
아인트라흐트 브라운슈바이크
100%
베르더 브레멘
100%
보루시아 도르트문트
100%
디나모 드레스덴
100%
아인트라흐트 프랑크푸르트
100%
프라이부르크
100%
그로이터 퓌르트
100%
함부르크
100%
카이저슬라우테른
100%
홀슈타인 킬
100%
쾰른
100%
보루시아 묀헨글라트바흐
100%
바이에른 뮌헨
100%
뉘른베르크
100%
볼프스부르크
100%
잉골슈타트 04
100%
바이어 04 레버쿠젠
100%
샬케 04
100%
마인츠 05
100%
하이덴하임 1846
100%
1860 뮌헨
100%
1899 호펜하임
100%
하노버 96
100%
다름슈타트 98
100%
VfB 라이프치히
100%
VfB 슈투트가르트
100%
알레마니아 아헨
50%
헤르타 베를린
50%
테니스 보루시아 베를린
50%
보훔
50%
에네르기 코트부스
50%
뒤스부르크
50%
포르투나 뒤셀도르프
50%
로트바이스 에센
50%
카를스루어
50%
발트호프 만하임
50%
프로이센 뮌스터
50%
한자 로스토크
50%
자르브뤼켄
50%
장크트 파울리
50%
슈투트가르터 키커스
50%
운터하힝
50%
파더보른 07
50%
울름 1846
50%
포르투나 쾰른
0%
보루시아 노인키르헨
0%
로트바이스 오베르하우젠
0%
키커스 오펜바흐
0%
부퍼탈러
0%
위어딩겐 05
0%
08 홈부르크
0%
바텐샤이트 09
0%
타스마니아 1900 베를린
0%
블라우바이스 90 베를린
0%
RB 라이프치히
0%
No matching quizzes found
Score Distribution
Percent of People with Each Score
Percentile by Number Answered
Your Score History
You have not taken this quiz